| 000 | 00842cam a22002775a 4500 | ||
|---|---|---|---|
| 999 |
_c25933 _d25905 |
||
| 005 | 20240818093029.0 | ||
| 008 | 180113s2010 nyua frb 001 0 eng d | ||
| 020 | _a9780071272209 | ||
| 020 | _a0071272208 | ||
| 040 |
_aEG-ScBUE _beng _cEG-ScBUE _dEG-ScBUE |
||
| 082 | 0 | 4 |
_a540 _bCHA _222 |
| 100 | 1 |
_aChang, Raymond. _931039 |
|
| 245 | 1 | 0 |
_aChemistry / _cRaymond Chang. |
| 250 | _a10th ed., International ed. | ||
| 260 |
_aNew York : _bMcGraw-Hill Companies, Inc., _c2010. |
||
| 300 |
_a1 v. (various pagings) : _bill. ; _c24 cm. |
||
| 500 | _aIncludes Indexes. | ||
| 500 | _aIncludes glossary. | ||
| 650 | 7 |
_aChemistry _2BUEsh _94328 |
|
| 651 | _2BUEsh | ||
| 653 |
_cJanuary2018 _bENGCHE |
||
| 942 |
_2ddc _hRDA-MOD |
||
| 336 |
_2rdacontent _atext _btxt |
||
| 337 |
_aunmediated _2rdamedia _bn |
||
| 338 |
_avolume _bnc _2rdacarrier |
||